Statistics for NBA 60-Point Games Quiz

Click here to take the quiz!

General Stats

  • This quiz has been taken 158,913 times
    (6,626 since last reset)
  • The average score is 13 of 27

Answer Stats

Career Best Answer % Correct
81Kobe Bryant
93%
100Wilt Chamberlain
92%
61LeBron James
92%
69Michael Jordan
91%
61James Harden
87%
63Jerry West
71%
61Shaquille O'Neal
70%
60Larry Bird
65%
70Devin Booker
65%
60Klay Thompson
59%
73David Thompson
55%
60Allen Iverson
49%
61Karl Malone
45%
71David Robinson
43%
61Damian Lillard
42%
62Carmelo Anthony
41%
62Tracy McGrady
31%
60Kemba Walker
28%
71Elgin Baylor
27%
61George Mikan
23%
63George Gervin
20%
68Pete Maravich
18%
60Gilbert Arenas
15%
64Rick Barry
15%
60Bernard King
13%
60Tom Chambers
9%
63Joe Fulks
8%

Score Distribution

Percentile by Number Answered

Percent of People with Each Score

Your Score History

You have not taken this quiz since the last reset